History Quiz

Random History Quiz

O Captain! My captain! Quiz Stats

 Plays Quiz not verified by Sporcle

Challenge
Share
Tweet
Embed
Score 0/16 Timer 05:00
0 Plays Today
cell to answer Captain % Correct
The ArkNoah
92.3%
Santa MaríaChristopher Columbus
92.3%
USS Enterprise (NCC-1701-A)James T. Kirk
92.3%
ArgoJason
84.6%
Black PearlJack Sparrow
79.5%
HMS VictoryHoratio Nelson
74.4%
NautilusCaptain Nemo
74.4%
HMS BountyWilliam Bligh
69.2%
cell to answer Captain % Correct
PequodAhab
56.4%
Queen Anne's RevengeEdward 'Blackbeard' Teach
51.3%
RMS TitanicEdward J. Smith
43.6%
Golden HindSir Francis Drake
41%
MayflowerCristopher Jones
17.9%
São GabrielVasco da Gama
15.4%
TrinidadFerdinand Magellan
12.8%
FramRoald Amundsen and Fridtjof Nansen
10.3%

You're not logged in!

Compare scores with friends on all Sporcle quizzes.
OR
Log In

You Might Also Like...

Show Comments

Extras

Top Quizzes Today


Score Distribution

Your Account Isn't Verified!

In order to create a playlist on Sporcle, you need to verify the email address you used during registration. Go to your Sporcle Settings to finish the process.

Report this User

Report this user for behavior that violates our Community Guidelines.

Details: